Catálogo de manuscritos e impresos antiguos en la Biblioteca de la UNED / (Record no. 53953)

MARC details
000 -LEADER
campo de control de longitud fija 01162nam a2200313 i 4500
001 - NÚMERO DE CONTROL
campo de control 53953
003 - IDENTIFICADOR DE NÚMERO DE CONTROL
campo de control ES-MaACL
005 - FECHA Y HORA DE LA ÚLTIMA TRANSACCIÓN
campo de control 20250828091922.0
007 - CAMPO FIJO DE DESCRIPCIÓN FÍSICA--INFORMACIÓN GENERAL
campo de control de longitud fija t|
008 - DATOS DE LONGITUD FIJA--INFORMACIÓN GENERAL
campo de control de longitud fija 031119s2002 sp af c |||| | spa d
020 ## - NÚMERO INTERNACIONAL ESTÁNDAR DEL LIBRO
Número Internacional Estándar del Libro 84-362-4483-4
080 ## - NÚMERO DE LA CLASIFICACIÓN DECIMAL UNIVERSAL
Número de la Clasificación Decimal Universal 017.1(460.27 M.)
080 ## - NÚMERO DE LA CLASIFICACIÓN DECIMAL UNIVERSAL
Número de la Clasificación Decimal Universal 016:094"15/18"
080 ## - NÚMERO DE LA CLASIFICACIÓN DECIMAL UNIVERSAL
Número de la Clasificación Decimal Universal 016:091"15/17"
110 2# - ENTRADA PRINCIPAL--NOMBRE DE ENTIDAD CORPORATIVA
Nombre de entidad corporativa o nombre de jurisdicción como elemento de entrada Universidad Nacional de Educación a Distancia (España).
Unidad subordinada Biblioteca
9 (RLIN) 7406
245 10 - MENCIÓN DEL TÍTULO
Título Catálogo de manuscritos e impresos antiguos en la Biblioteca de la UNED /
Mención de responsabilidad, etc. Mª Ascención Hernández Vázquez.
250 ## - MENCION DE EDICION
Mención de edición 1ª ed.
260 ## - PUBLICACIÓN, DISTRIBUCIÓN, ETC.
Lugar de publicación, distribución, etc. Madrid :
Nombre del editor, distribuidor, etc. UNED,
Fecha de publicación, distribución, etc. 2002.
300 ## - DESCRIPCIÓN FÍSICA
Extensión 166 p., [6] p. de lám. col. :
Otras características físicas il. ;
Dimensiones 25 cm.
490 1# - MENCIÓN DE SERIE
Mención de serie Varia
500 ## - NOTA GENERAL
Nota general Índices.
504 ## - NOTA DE BIBLIOGRAFÍA, ETC.
Nota de bibliografía, etc. Bibliografía: p. [29]-32.
650 14 - PUNTO DE ACCESO ADICIONAL DE MATERIA--TÉRMINO DE MATERIA
Término de materia o nombre geográfico como elemento de entrada Libros antiguos-
Subdivisión geográfica Universidad Nacional de Educación a Distancia (España). Biblioteca-
Subdivisión de forma Catálogos.
9 (RLIN) 163409
650 14 - PUNTO DE ACCESO ADICIONAL DE MATERIA--TÉRMINO DE MATERIA
Término de materia o nombre geográfico como elemento de entrada Manuscritos-
Subdivisión geográfica Universidad Nacional de Educación a Distancia (España). Biblioteca-
Subdivisión de forma Catálogos.
9 (RLIN) 163410
700 1# - ENTRADA AGREGADA--NOMBRE PERSONAL
Nombre de persona Hernández Vázquez, María Ascensión.
9 (RLIN) 63069
830 0# - PUNTO DE ACCESO ADICIONAL DE SERIE-TÍTULO UNIFORME
Título uniforme Varia
9 (RLIN) 180562
852 ## - LOCALIZACIÓN
Ubicación ES-MaACL
Número de control de estantería L-26741
Holdings
Estatus retirado Estado de pérdida Estado de daño No para préstamo Biblioteca de origen Biblioteca actual Ubicación en estantería Fecha de adquisición Fuente de adquisición Total de préstamos Signatura topográfica completa Código de barras Visto por última vez Precio de reemplazo Tipo de ítem Koha
        Biblioteca del Ateneo de Madrid Biblioteca del Ateneo de Madrid Depósito 2 17/01/2008     L-26741 1056703 23/02/2023 23/02/2023 Libro impreso